<?xml version="1.0" encoding="UTF-8"?>
<collection xmlns="http://www.loc.gov/MARC21/slim">
 <record>
  <leader>02179nam a2200373   4500</leader>
  <controlfield tag="001">000018390</controlfield>
  <controlfield tag="003">14821</controlfield>
  <controlfield tag="005">20131113141124.0</controlfield>
  <controlfield tag="008">131024s2013                           sd</controlfield>
  <datafield tag="082" ind1="1" ind2="4">
   <subfield code="a">372.61</subfield>
   <subfield code="b">TH-T</subfield>
  </datafield>
  <datafield tag="100" ind1="1" ind2=" ">
   <subfield code="a">Thân Thị Thu Thúy</subfield>
  </datafield>
  <datafield tag="245" ind1="1" ind2=" ">
   <subfield code="a">Khảo sát kĩ năng liên kết câu trong đoạn văn và liên kết đoạn văn trong văn bản của học sinh Tiểu học ở một số trường trên địa bàn quận Thanh Khê - thành phố Đà Nẵng</subfield>
   <subfield code="c">Thân Thị Thu Thúy ; Bùi Thị Thanh hướng dẫn</subfield>
   <subfield code="k">Khóa luận tốt nghiệp</subfield>
  </datafield>
  <datafield tag="260" ind1=" " ind2=" ">
   <subfield code="a">Đà Nẵng</subfield>
   <subfield code="b">Đại học Sư phạm, Đại học Đà Nẵng</subfield>
   <subfield code="c">2013</subfield>
  </datafield>
  <datafield tag="300" ind1=" " ind2=" ">
   <subfield code="a">62 tr., phụ lục 35 tr.</subfield>
   <subfield code="b">Hình mh.</subfield>
   <subfield code="c">29 cm.</subfield>
   <subfield code="e">Bản tóm tắt</subfield>
  </datafield>
  <datafield tag="500" ind1=" " ind2=" ">
   <subfield code="a">Khóa luận tốt nghiệp đại học. Chuyên ngành: Sư phạm Tiểu học</subfield>
  </datafield>
  <datafield tag="504" ind1=" " ind2=" ">
   <subfield code="a">Mục lục đầu trang, tài liệu tham khảo tr. 73 - 74, phụ lục [13 tr.]</subfield>
  </datafield>
  <datafield tag="520" ind1=" " ind2=" ">
   <subfield code="a">Cơ sở lí luận. Thống kê, phân loại các lỗi liên kết câu trong đoạn và liên kết đoạn văn trong văn bản của học sinh Tiểu học ở một số trường trên địa bàn quận Thanh Khê - TP Đà Nẵng. Xây dựng một số bài tập bổ trợ nhằm rèn luyện kĩ năng liên kết câu trong đoạn và liên kết đoạn văn trong văn bản cho học sinh Tiểu học.</subfield>
  </datafield>
  <datafield tag="600" ind1="1" ind2="4">
   <subfield code="b">Vua</subfield>
   <subfield code="c">Đinh Tiên Hoàng</subfield>
  </datafield>
  <datafield tag="650" ind1="0" ind2="4">
   <subfield code="a">Giáo dục tiểu học</subfield>
   <subfield code="v">Khóa luận tốt nghiệp</subfield>
   <subfield code="x">Ngữ pháp tiếng Việt</subfield>
  </datafield>
  <datafield tag="653" ind1=" " ind2=" ">
   <subfield code="a">Ngữ pháp tiếng Việt</subfield>
  </datafield>
  <datafield tag="653" ind1=" " ind2=" ">
   <subfield code="a">Khoa Tiểu học - Mầm non</subfield>
  </datafield>
  <datafield tag="653" ind1=" " ind2=" ">
   <subfield code="a">Liên kết câu</subfield>
  </datafield>
  <datafield tag="653" ind1=" " ind2=" ">
   <subfield code="a">Đoạn văn</subfield>
  </datafield>
  <datafield tag="700" ind1="1" ind2=" ">
   <subfield code="a">Bùi Thị Thanh</subfield>
   <subfield code="e">Hướng dẫn</subfield>
  </datafield>
  <datafield tag="OWN" ind1=" " ind2=" ">
   <subfield code="a">LSP</subfield>
  </datafield>
  <datafield tag="AVA" ind1=" " ind2=" ">
   <subfield code="a">UDN50</subfield>
   <subfield code="b">LSP</subfield>
   <subfield code="d">372.61 TH-T</subfield>
   <subfield code="e">available</subfield>
   <subfield code="t">Error 5001 Not defined in file expand_doc_bib_avail.</subfield>
   <subfield code="f">1</subfield>
   <subfield code="g">0</subfield>
   <subfield code="h">N</subfield>
   <subfield code="i">0</subfield>
   <subfield code="k">1</subfield>
  </datafield>
  <datafield tag="999" ind1=" " ind2=" ">
   <subfield code="a">From the UDN01</subfield>
  </datafield>
  <datafield tag="AVA" ind1=" " ind2=" ">
   <subfield code="a">UDN50</subfield>
   <subfield code="b">LSP</subfield>
   <subfield code="d">372.61 TH-T</subfield>
   <subfield code="e">available</subfield>
   <subfield code="t">Error 5001 Not defined in file expand_doc_bib_avail.</subfield>
   <subfield code="f">1</subfield>
   <subfield code="g">0</subfield>
   <subfield code="h">N</subfield>
   <subfield code="i">0</subfield>
   <subfield code="k">1</subfield>
  </datafield>
  <datafield tag="TYP" ind1=" " ind2=" ">
   <subfield code="a">Monograph</subfield>
  </datafield>
  <datafield tag="TYP" ind1=" " ind2=" ">
   <subfield code="a">Printed language</subfield>
  </datafield>
  <datafield tag="980" ind1=" " ind2=" ">
   <subfield code="a">Mạng thư viện Đại học Đà Nẵng</subfield>
  </datafield>
 </record>
</collection>
